[Event "AUTO-INT-3418"]
[Site "http://www.queenalice.com/game.php?id=1564257"]
[Date "2019.3.14"]
[Round "1"]
[White "Sigmund"]
[Black "linchau"]
[Result "0-1"]
[WhiteElo "1807"]
[BlackElo "1742"]

1. d4 Nf6 2. Nf3 g6 3. Nc3 Bg7 4. e4 d6 5. Bd3 O-O 6. O-O Nbd7 7. e5 dxe5 8.
dxe5 Ng4 9. Bf4 Ngxe5 10. Nd5 Nxd3 11. Qxd3 e5 12. Bg3 c6 13. Nc3 Re8 14. Qc4
Nb6 15. Qe2 f6 16. Rad1 Qe7 17. Rfe1 Be6 18. a3 Bg4 19. Qe3 Red8 20. h3 Be6 21.
Bh4 Qc7 22. Bg3 Bf7 23. Ne4 Nd5 24. Qb3 Nf4 25. Qe3 Nd5 26. Qe2 b6 27. Nh2 Qe7
28. f4 exf4 29. Bf2 f5 30. Ng3 fxg3 31. Bxg3 Qxe2 32. Rxe2 Bxb2 33. Be1 Nf4 34.
Rxd8+ Rxd8 35. Re7 Re8 36. Rxe8+ Bxe8 37. a4 c5 38. Nf3 Bxa4 39. Ng5 Bd4+ 0-1

[Event "AUTO-INT-3418"]
[Site "http://www.queenalice.com/game.php?id=1564258"]
[Date "2019.3.14"]
[Round "1"]
[White "linchau"]
[Black "Sigmund"]
[Result "1-0"]
[WhiteElo "1761"]
[BlackElo "1788"]

1. c4 e5 2. Nc3 Nf6 3. d3 h6 4. Nf3 Nc6 5. g3 a6 6. Bg2 Bc5 7. O-O d5 8. cxd5
Nxd5 9. Nd2 Be6 10. Nde4 Ba7 11. Nxd5 Bxd5 12. Be3 Ne7 13. Bxa7 Rxa7 14. Qc2 c6
15. Nd2 O-O 16. f4 Bxg2 17. Kxg2 f6 18. Qc4+ Kh8 19. fxe5 fxe5 20. Rxf8+ Qxf8
21. Rf1 Qd8 22. Nf3 b5 23. Qc5 Rc7 24. Nxe5 Qd5+ 25. Qxd5 Nxd5 26. Rf7 Rxf7 27.
Nxf7+ Kh7 28. Ne5 c5 29. Kf3 h5 30. e4 Nb4 31. a3 Nc2 32. Nd7 c4 33. dxc4 bxc4
34. e5 Kg6 35. Ke4 Kf7 36. Nc5 a5 37. Nb7 c3 38. bxc3 Nxa3 39. Nxa5 Ke6 40. c4
Nc2 41. c5 Kd7 42. c6+ Kc7 43. h3 Nb4 44. Kf5 1-0

[Event "AUTO-INT-3418"]
[Site "http://www.queenalice.com/game.php?id=1564269"]
[Date "2019.3.14"]
[Round "1"]
[White "Jomaley"]
[Black "linchau"]
[Result "0-1"]
[WhiteElo "1368"]
[BlackElo "1790"]

1. e4 c6 2. b3 d5 3. exd5 cxd5 4. Bb5+ Bd7 5. a4 a6 6. Bxd7+ Qxd7 7. d3 e5 8. f3
Bc5 9. Ne2 Ne7 10. Ng3 Nbc6 11. Bg5 O-O 12. h4 Nf5 13. Nxf5 Qxf5 14. Qd2 e4 15.
dxe4 dxe4 16. f4 h6 17. Bxh6 gxh6 18. g3 Rad8 19. Qe2 Nd4 20. Qd1 Nf3+ 0-1

[Event "AUTO-INT-3418"]
[Site "http://www.queenalice.com/game.php?id=1564270"]
[Date "2019.3.14"]
[Round "1"]
[White "linchau"]
[Black "Jomaley"]
[Result "1-0"]
[WhiteElo "1816"]
[BlackElo "1387"]

1. c4 c5 2. Nc3 e6 3. Nf3 f6 4. g3 a6 5. Bg2 h5 6. O-O b6 7. Ne5 fxe5 8. Bxa8 d5
9. cxd5 exd5 10. Bxd5 Nf6 11. Bg2 h4 12. d3 hxg3 13. Bg5 gxh2+ 14. Kh1 Be7 15.
f4 Ng4 16. Qd2 exf4 17. Bxe7 Qxe7 18. Rxf4 Ne3 19. Re4 Qxe4 20. Bxe4 Ng4 21.
Bg6+ Kf8 22. Qf4+ Nf6 23. Qxb8 Ke7 24. Ne4 Nxe4 25. Bxe4 b5 26. Rf1 Rh4 27. Qxc8
Rxe4 28. dxe4 c4 29. Qc6 c3 30. bxc3 g5 31. Qg6 b4 32. Rf7+ Ke8 33. Qg8# 1-0

[Event "AUTO-INT-3418"]
[Site "http://www.queenalice.com/game.php?id=1564277"]
[Date "2019.3.14"]
[Round "1"]
[White "linchau"]
[Black "DAN1958"]
[Result "1-0"]
[WhiteElo "1778"]
[BlackElo "1690"]

1. c4 d5 2. cxd5 Qxd5 3. Nc3 Qc6 4. Nf3 e6 5. g3 h6 6. Bg2 Nf6 7. O-O Bd6 8. d4
O-O 9. Qd3 a6 10. e4 Ne8 11. e5 Be7 12. Ng5 Bxg5 13. Bxc6 Nxc6 14. Bxg5 hxg5 15.
Ne4 g4 16. f3 f5 17. Ng5 b5 18. fxg4 Nb4 19. Qd2 Nd5 20. gxf5 exf5 21. Qg2 c6
22. Qh3 Nef6 23. exf6 Nxf6 24. Rfe1 f4 25. Qg2 Bd7 26. Re7 Rae8 27. Rae1 Rxe7
28. Rxe7 fxg3 29. Qxg3 1-0

[Event "AUTO-INT-3418"]
[Site "http://www.queenalice.com/game.php?id=1564278"]
[Date "2019.3.14"]
[Round "1"]
[White "DAN1958"]
[Black "linchau"]
[Result "0-1"]
[WhiteElo "1715"]
[BlackElo "1664"]

1. e4 c6 2. d4 d5 3. e5 Bf5 4. Bd3 Bxd3 5. Qxd3 e6 6. Nf3 Ne7 7. g4 Ng6 8. Qb3
Qc7 9. O-O Be7 10. Bd2 O-O 11. Be3 Nd7 12. Nc3 a6 13. a3 c5 14. Ne2 c4 15. Qc3
f6 16. Ng3 fxe5 17. Rad1 Rxf3 18. Kg2 e4 19. b4 Bd6 20. Nh1 Nh4+ 21. Kg1 Bxh2#
0-1

[Event "AUTO-OPEN-4038"]
[Site "http://www.queenalice.com/game.php?id=1564727"]
[Date "2019.3.18"]
[Round "1"]
[White "guss"]
[Black "linchau"]
[Result "1-0"]
[WhiteElo "2410"]
[BlackElo "1790"]

1. d4 Nf6 2. Nc3 g6 3. e4 d6 4. Nf3 Bg7 5. Be2 O-O 6. Be3 Nbd7 7. O-O e5 8. dxe5
Nxe5 9. Nxe5 dxe5 10. Qxd8 Rxd8 11. Rfd1 Be6 12. Nb5 Rxd1+ 13. Rxd1 Ne8 14. Nxa7
c6 15. a4 Nf6 16. a5 Bd7 17. f3 Kf8 18. Bc4 Ke8 19. g4 Rb8 20. g5 Nh5 21. Bxf7+
Kxf7 22. Rxd7+ Ke6 23. Rc7 Bf8 24. Kf2 Ng7 25. b4 Kd6 26. Bb6 Ne6 27. Nc8+ Rxc8
28. Rxc8 Be7 29. Rb8 Bxg5 30. Rxb7 1-0

[Event "AUTO-OPEN-4038"]
[Site "http://www.queenalice.com/game.php?id=1564728"]
[Date "2019.3.18"]
[Round "1"]
[White "linchau"]
[Black "guss"]
[Result "0-1"]
[WhiteElo "1792"]
[BlackElo "2409"]

1. c4 e5 2. Nc3 Nf6 3. g3 Nc6 4. Bg2 Bc5 5. d3 O-O 6. Nf3 d6 7. O-O h6 8. Nd2
Bg4 9. Bf3 Qd7 10. e3 Bxf3 11. Qxf3 Bb4 12. a3 Bxc3 13. bxc3 Nd8 14. Kg2 a6 15.
e4 b5 16. cxb5 axb5 17. Nb3 Ra4 18. Bxh6 Qe6 19. Bxg7 Kxg7 20. Nd2 Nc6 21. Qe3
Rh8 22. h4 Qg4 23. Rh1 Rha8 24. Nb1 Nh5 25. Ra2 Nf4+ 26. Kf1 Qd1+ 27. Qe1 Qf3
28. Rg1 Qxd3+ 0-1

[Event "AUTO-OPEN-4038"]
[Site "http://www.queenalice.com/game.php?id=1564739"]
[Date "2019.3.18"]
[Round "1"]
[White "AyltonChessGM"]
[Black "linchau"]
[Result "1-0"]
[WhiteElo "2257"]
[BlackElo "1818"]

1. d4 Nf6 2. c4 g6 3. Nf3 d6 4. Nc3 Bg7 5. e3 O-O 6. Be2 Re8 7. O-O e5 8. dxe5
dxe5 9. Qxd8 Rxd8 10. Nxe5 Be6 11. Nf3 Nc6 12. h3 Na5 13. Nd2 Rd7 14. b4 Nc6 15.
a3 Rad8 16. Ra2 Ne5 17. Rc2 Nd3 18. Bxd3 Rxd3 19. Ncb1 1-0

[Event "AUTO-OPEN-4038"]
[Site "http://www.queenalice.com/game.php?id=1564740"]
[Date "2019.3.18"]
[Round "1"]
[White "linchau"]
[Black "AyltonChessGM"]
[Result "1-0"]
[WhiteElo "1788"]
[BlackElo "2250"]

1. c4 e5 2. Nc3 Nc6 3. g3 d6 4. Bg2 Bd7 5. Nf3 f5 6. d3 Nf6 7. O-O a6 8. Nd5
Nxd5 9. cxd5 Ne7 10. e4 h6 11. Nh4 Kf7 12. f4 exf4 13. Bxf4 g5 14. Qh5+ Kg7 15.
Nxf5+ Bxf5 16. exf5 gxf4 17. f6+ Kh7 18. Qf7+ 1-0